Vida y milagros de monseñor Escrivá de Balaguer, fundador del Opus Dei / (Record no. 170583)

MARC details
000 -LEADER
campo de control de longitud fija 00927nam a2200265 i 4500
001 - NÚMERO DE CONTROL
campo de control 170583
003 - IDENTIFICADOR DE NÚMERO DE CONTROL
campo de control ES-MaACL
005 - FECHA Y HORA DE LA ÚLTIMA TRANSACCIÓN
campo de control 20250825062724.0
007 - CAMPO FIJO DE DESCRIPCIÓN FÍSICA--INFORMACIÓN GENERAL
campo de control de longitud fija t|
008 - DATOS DE LONGITUD FIJA--INFORMACIÓN GENERAL
campo de control de longitud fija 090320s1975 sp ||||1| spa d
080 ## - NÚMERO DE LA CLASIFICACIÓN DECIMAL UNIVERSAL
Número de la Clasificación Decimal Universal 929 Escrivá de Balaguer, José María
100 1# - ENTRADA PRINCIPAL--NOMBRE DE PERSONA
Nombre de persona Carandell, Luis,
Fechas asociadas al nombre 1929-2002
9 (RLIN) 34959
245 10 - MENCIÓN DEL TÍTULO
Título Vida y milagros de monseñor Escrivá de Balaguer, fundador del Opus Dei /
Mención de responsabilidad, etc. Luis Carandell ; prólogo de Alfonso C. Comín.
250 ## - MENCION DE EDICION
Mención de edición 2ª ed.
260 ## - PUBLICACIÓN, DISTRIBUCIÓN, ETC.
Lugar de publicación, distribución, etc. Barcelona :
Nombre del editor, distribuidor, etc. Laia,
Fecha de publicación, distribución, etc. 1975.
300 ## - DESCRIPCIÓN FÍSICA
Extensión 210 p., [16] p. de lám. ;
Dimensiones 20 cm.
490 1# - MENCIÓN DE SERIE
Mención de serie Laia paperback ;
Designación de volumen o secuencia 15
600 04 - PUNTO DE ACCESO ADICIONAL DE MATERIA--NOMBRE DE PERSONA
Nombre de persona Josemaría Escrivá de Balaguer,
Títulos y otros términos asociados al nombre Santo
9 (RLIN) 66981
655 #0 - TERMINO DE INDIZACIÓN--GENERO/FORMA
Datos o término principal de género/forma Biografías
9 (RLIN) 176647
700 1# - ENTRADA AGREGADA--NOMBRE PERSONAL
Nombre de persona Comín, Alfonso C.
9 (RLIN) 40007
830 1# - PUNTO DE ACCESO ADICIONAL DE SERIE-TÍTULO UNIFORME
Título uniforme Laia paperback ;
Designación de volumen o secuencia 15
9 (RLIN) 181897
852 4# - LOCALIZACIÓN
Ubicación ES-MaACL
Número de control de estantería E-12532
Nota libre - Biblioteca Jacinto Martínez Lacalle
942 ## - ELEMENTOS DE ENTRADA SECUNDARIOS (KOHA)
Fuente del sistema de clasificación o colocación Clasificación decimal universal
Holdings
Estatus retirado Estado de pérdida Estado de daño No para préstamo Biblioteca de origen Biblioteca actual Ubicación en estantería Fecha de adquisición Fuente de adquisición Total de préstamos Signatura topográfica completa Código de barras Visto por última vez Precio de reemplazo Tipo de ítem Koha
        Biblioteca del Ateneo de Madrid Biblioteca del Ateneo de Madrid Depósito 2 20/03/2009     E-12532 1179017 23/02/2023 23/02/2023 Libro impreso